000
00205 a2200097 4500
001
32739
100
_a
NAP, Hale, John
245
_a
Napoleon
260
_a
London
_b
Faber & Faber
_c
090
_c
21937
_d
21937
942
_a
NUST-CAE
_c
M
_c
13266
999
_c
267812
_d
267812